000 ncm a22 a 4500
999 _c351257
_d351257
003 BLK
005 20200408163723.0
008 200403b bu ||||| |||| 00| 0 bu d
040 _aBLK
041 _aBUL
_cBUL
080 _aВокална музика
_b784
_z784
139 _aПесни радио, кино и телевидения
_bП 38
245 _aПесни радио, кино и телевидения
_n48
260 _9402764
_bМузыка
_c1982
300 _a27 с,
_c28 см
380 _a7
490 _a48
505 _rП, Овсянникова
_tПраздник
505 _rВ. Газаряна
_tМы- юнасть солнечной страны
505 _rЕ. Птичкина
_tНе сбивясь с путьи
505 _rВ, Добрынина
_tЛюбовь нужна солдато
505 _rЛ. Гарина
_tДревние слова
505 _rЯ. Дубравина
_tСверстники
505 _rА. Морозова
_tВечер школьных друзей
650 7 _9151225
_aВокална музика
852 _aМ II 9394
942 _cNOT
_n0
_s1
944 _aCR
_c2020-04-03
_kК.Д.
999 _d351257
999 _d351257
999 _d351257